Titres de films en un seul mot - Statistiques

Statistiques générales
  • Ce quiz a été pris 662 fois
  • Le résultat moyen est 11 sur 50
Statistiques - réponses
Films Pitch Années % Correct
Léon Un tueur à gages prend sous son aile une petite fille de 12 ans, seule rescapée du massacre de sa famille 1994
82%
Raiponce Histoire d'une princesse qui possède des cheveux blonds aux propriétés très particulières 2010
71%
Avatar Un ancien marine paralysé est recruté pour se rendre sur la planète Pandora 2009
62%
Intouchables La rencontre improbable entre Philippe, un riche aristocrate devenu tétraplégique et Driss, un jeune homme d'origine sénégalaise tout droit sorti de prison. 2011
60%
Jumanji C'est l'histoire d' Alan Parrish un jeune garcon qui trouve par hasard un jeu mysterieux où à chaque lancer de dés il va être confronté à des choses fantastiques ... 1996
46%
Scream Casey Becker, une belle adolescente, est seule dans la maison familiale. Elle s'apprête à regarder un film d'horreur, mais le téléphone sonne. Au bout du fil, un serial killer ... 1996
41%
Inception Dom Cobb est un voleur expérimenté dans l'art périlleux de `l'extraction' : sa spécialité consiste à s'approprier les secrets d'un individu pendant qu'il rêve 2010
39%
Saw Deux hommes se réveillent enchaînés au mur d'une salle de bains. Ils ignorent où ils sont et ne se connaissent pas. Ils savent juste que l'un doit absolument tuer l'autre, sinon dans moins de huit heures, ils seront exécutés tous les deux. 2005
36%
Nikita Une junkie est prise en main par des psychiatres qui la conditionnent afin d'en faire une tueuse œuvrant pour les services secrets. 1990
35%
Zootopia L'optimiste et intrépide lapine Judy Hopps, lieutenant et nouvelle recrue de police, cherche à faire ses preuves en enquêtant sur la disparition d'une loutre avec l'aide du renard escroc Nick Wilde. 2016
34%
Interstellar Les aventures d’un groupe d’explorateurs qui utilisent une faille récemment découverte dans l’espace-temps afin de repousser les limites humaines et partir à la conquête des distances astronomiques 2014
32%
Coco Depuis plusieurs générations, la musique est bannie dans la famille de Miguel. Un vrai déchirement pour le jeune garçon dont le rêve est de devenir un musicien accompli . 2017
31%
Dunkerque Film de guerre retraçant l'opération Dynamo, destinée à permettre le rembarquement des troupes britanniques à la fin de la campagne de France. 2017
31%
Polisse Le quotidien des policiers de la brigade de protection des mineurs (BPM) de Paris qui luttent contre les innombrables sévices subis par des mineurs 2011
30%
Zodiac Un insaisissable tueur en série, prodigue en messages cryptés sévit à la fin des années 60 et répand la terreur dans la région de San Francisco. 2007
28%
Lion En Inde, Saroo, 5 ans, attend son frère sur un quai de gare. Il s'endort dans un train qui l'emmène à des milliers de kilomètres. Perdu dans un monde hostile, il sera adopté par un couple d'Australiens. 2016
24%
Babysitting Franck, agent d'accueil, souhaite devenir dessinateur de bande dessinée. Lorsque son patron lui propose de lire une ébauche à condition qu'il garde son fils ce soir, Franck ne peut pas refuser. Le problème, c'est qu'il s'agit du jour de son anniversaire et ses amis ne comptent pas laisser tomber la fête qu'ils avaient préparée. 2014
23%
Juno Une adolescente de 16 ans à l’esprit libre se retrouve confrontée à une grossesse imprévue. 2008
23%
Drive Un jeune ménanicien solitaire conduit le jour à Hollywood pour le cinéma en tant que cascadeur et la nuit pour des truands. 2011
22%
Persépolis Téhéran 1978 : Marjane, huit ans, songe à l'avenir et se rêve en prophète sauvant le monde... 2007
21%
Memento Leonard Shelby, un homme souffrant d’une amnésie antérograde à la suite d'un traumatisme crânien, part à la recherche du meurtrier supposé de sa femme 2000
19%
Casablanca Rick Blaine, un Américain amer et cynique, est expatrié au Maroc où il est propriétaire du Rick's Café, un night-club huppé ... 1942
18%
Fargo Minnesota, plein hiver : un minable vendeur de voitures, contacte un petit escroc et son inquiétant compère et leur demande d'enlever sa femme.... 1996
18%
Lolita Un homme d'âge mûr s'éprend de sa jeune belle-fille 1962
18%
Elephant Film s'appuyant sur le fait divers de la fusillade de l'école secondaire Columbine de 1999, au cours de laquelle douze étudiants et un professeur ont été abattus par deux adolescents. 2003
17%
Incassable David Dunn est le seul survivant d'une catastrophe ferroviaire. À la grande surprise des autorités et des médias, l'homme s'en sort indemne, sans la moindre blessure ou traumatisme 2000
17%
Stalingrad Automne 42, un tireur d'élite russe Vassili Zaitsev est repéré par un officier politique, qui décide de faire de lui un héros de propagande 2001
17%
Argo Ce film retrace de façon romancée un fait historique survenu à Téhéran en 1979, le sauvetage de six des otages de l’ambassade américaine. 2012
15%
Metropolis Au XXIe siècle, une métropole à l'architecture fantastique vit sous le joug d'un groupe de tyrans. Les aristocrates se prélassent et se divertissent dans de somptueuses demeures et de luxuriants jardins, tandis que la grande masse de la population travaille, dort et survit durement dans les profondeurs de la terre 1927
14%
Room Jack, 5 ans, vit seul avec sa mère, Ma. Elle lui apprend à jouer, à rire et à comprendre le monde qui l’entoure. Un monde qui commence et s’arrête aux murs de leur chambre, où ils sont retenus prisonniers... 2015
14%
Freaks Un cirque exhibe de vrais monstres : l'homme-tronc, la femme à barbe, les soeurs siamoises. Hans, le nain, tombe amoureux de la belle acrobate, Cléopâtre. 1932
13%
Mommy Une veuve mono-parentale, Diane, hérite de la garde de son fils, Steve, un adolescent impulsif et violent. Au cœur de leurs emportements et difficultés, ils tentent de joindre les deux bouts, notamment grâce à l'aide inattendue de l'énigmatique voisine Kyla. 2014
11%
Babel En plein désert marocain, un coup de feu retentit. Il va déclencher toute une série d'événements qui impliqueront un couple de touristes américains au bord du naufrage, deux jeunes Marocains auteurs d'un crime accidentel, une nourrice qui voyage illégalement avec deux enfants américains, et une adolescente japonaise rebelle dont le père est recherché par la police à Tokyo. 2006
10%
Incendies À la lecture du testament de leur mère, Jeanne et Simon se voient remettre deux enveloppes : l'une destinée à un père qu'ils croyaient mort, l'autre à un frère dont ils ignoraient l'existence. 2010
10%
Prisoners Dans la banlieue de Boston, deux fillettes de six ans, Anna et Joy, ont disparu. Le suspect numéro un est rapidement arrêté mais est relâché quelques jours plus tard faute de preuve, entraînant la fureur du père... 2013
10%
Amour Anne et Georges, deux professeurs de musique, coulent une retraite paisible dans leur appartement parisien. Un temps heureux, avant qu'une petite attaque cérébrale ne frappe Anne... 2012
8%
Insomnia Will Dormer, un as de la Crim', part en compagnie de son coéquipier pour l'Alaska, là où le soleil ne se couche jamais, afin d'aider les policiers locaux à résoudre le meurtre d'une jeune fille. 2002
8%
Brüno Un gay autrichien, roi de la mode, se retrouve grillé dans les médias européens et décide alors de conquérir l'Amérique ... 2009
7%
Buried Un entrepreneur américain se retrouve pris au piège dans un cercueil, enterré vivant sous le sol irakien avec, comme seul lien avec l'extérieur, un téléphone portable. 2010
7%
Festen Un patriarche fête ses 60 ans et invite toute sa famille dans une grande maison. Au cours du dîner, le fils aîné est invité à dire quelques mots : certaines vérités difficiles à entendre sont révélées... 1998
7%
Magnolia Film mosaïque américain de P.T.Anderson racontant l'histoire de neuf personnages principaux aux destins tragiques entre-croisés 1999
7%
Elle Michèle, PDG d'une société de jeux vidéo, agressée chez elle par un mystérieux inconnu, refuse de laisser l'événement perturber la discipline qu'elle impose à sa vie avant de comprendre que son agresseur n'en a pas fini avec elle. 2015
6%
Frantz Au lendemain de la guerre 14-18, dans une petite ville allemande, Anna se rend tous les jours sur la tombe de son fiancé,mort sur le front en France. Cependant, ce jour-là, un jeune Français, Adrien, est venu se recueillir sur la tombe... 2016
6%
Potiche En 1977, dans une province de la bourgeoisie française, Suzanne Pujol est l'épouse soumise d'un riche industriel qui dirige son usine de parapluies d'une main de fer... 2010
6%
Carol Dans le New York des années 1950, Therese, jeune employée d'un grand magasin de Manhattan, fait la connaissance d'une cliente distinguée,femme séduisante, prisonnière d'un mariage peu heureux. 2016
4%
Dogma Loki et Bartleby, deux anges déchus, cherchent à retourner au Paradis. 1999
4%
Dogville Film en un prologue et 9 chapitres utilisant un décor minimal pour raconter l'histoire d'une jeune fille nommée Grace, une fugitive se réfugiant dans une ville minière. 2003
4%
Caché Georges, présentateur d'une émission littéraire à la télévision, reçoit des vidéos de sa maison filmée depuis la rue. On y voit ses allées et venues, ainsi que celles de sa femme et de son fils. 2005
2%
Collision Film chorale sur une poignée de personnages en crise : des flics, des voleurs de voitures, un réalisateur afro-américain et sa femme, un commerçant iranien et sa fille, une femme au foyer et son mari procureur ou encore un serrurier mexicain. 2005
2%
Bernie Un orphelin névrosé et deconnecté du monde réel quitte son institution à 30 ans bien décidé à retrouver ses parents ... 1996
1%
Aucun quiz correspondant
Distribution des résultats
% des personnes avec chaque résultat
Percentile par nombre de réponses
Votre historique - résultats
Vous n’avez pas pris ce quiz